CAD/CAM Handbook (Record no. 34404)
[ view plain ]
| 000 -LEADER | |
|---|---|
| fixed length control field | 00253nam a2200121Ia 4500 |
| 082 ## - DEWEY DECIMAL CLASSIFICATION NUMBER | |
| Classification number | 1.535 |
| Item number | TEI |
| 100 ## - MAIN ENTRY--PERSONAL NAME | |
| Personal name | Teicholz/Eric |
| 245 ## - TITLE STATEMENT | |
| Title | CAD/CAM Handbook |
| 260 ## - PUBLICATION, DISTRIBUTION, ETC. | |
| Name of publisher, distributor, etc. | McGraw Hill |
| Place of publication, distribution, etc. | New York |
| Date of publication, distribution, etc. | 1985 |
| 546 ## - LANGUAGE NOTE | |
| Language note | ENGLISH |
| 654 ## - SUBJECT ADDED ENTRY--FACETED TOPICAL TERMS | |
| Focus term | CAD |
| 942 ## - ADDED ENTRY ELEMENTS (KOHA) | |
| Koha item type | Reference Book |
| Withdrawn status | Lost status | Damaged status | Not for loan | Collection | Home library | Current library | Shelving location | Date acquired | Cost, normal purchase price | Total Checkouts | Full call number | Barcode | Date last seen | Cost, replacement price | Price effective from | Koha item type | Source of acquisition | Inventory number |
|---|---|---|---|---|---|---|---|---|---|---|---|---|---|---|---|---|---|---|
| CRC | Fr. Agnel's C.Rodrigues College of Engineering | Fr. Agnel's C.Rodrigues College of Engineering | 17/03/2023 | 1365.90 | 1.535 TEI | 2605 | 17/03/2023 | 1365.90 | 17/03/2023 | Reference Book | ||||||||
| CRC | Fr. Agnel's C.Rodrigues College of Engineering | Fr. Agnel's C.Rodrigues College of Engineering | 17/03/2023 | 1978.60 | 1.535 TEI | 3219 | 17/03/2023 | 1978.60 | 03/07/1991 | BOOK | UBS | 938 dt 3.07.91 |